000 00492nam a22001817a 4500
003 CEME
005 20210628202953.0
008 210119b xxu||||| |||| 00| 0 eng d
020 _a81-7319-237-5
040 _c.
082 _a621.3 CHO
100 _aChoudhuri , S, Chakrabarti , R, Chattopadhyay, P.K
_962627
245 _aElectrical science
260 _aNEW DELHI
_bNAROSA
_c1999
300 _aV,340 P
650 _aELECTRICAL ENGINEERING.ELECTRICAL SCIENCE
_962628
942 _cBK
_2ddc
999 _c571683
_d571683